Wimbledon finalists since 1980 - Statistics

General Stats
  • This quiz has been taken 1,376 times
    1,371 since last reset
  • The average score is 52 of 66
Answer Stats
Year Answer % Correct
2003 winner Roger Federer
99%
2004 winner Roger Federer
99%
2005 winner Roger Federer
99%
2006 winner Roger Federer
99%
2007 winner Roger Federer
99%
r.u. Roger Federer
99%
2009 winner Roger Federer
99%
2012 winner Roger Federer
99%
r.u. Rafael Nadal
98%
r.u. Rafael Nadal
98%
2008 winner Rafael Nadal
98%
2010 winner Rafael Nadal
98%
r.u. Rafael Nadal
98%
1993 winner Pete Sampras
94%
1994 winner Pete Sampras
94%
1995 winner Pete Sampras
94%
1997 winner Pete Sampras
94%
1998 winner Pete Sampras
94%
1999 winner Pete Sampras
94%
2000 winner Pete Sampras
94%
r.u. Andy Murray
93%
2011 winner Novak Djokovic
93%
r.u. John McEnroe
91%
1981 winner John McEnroe
91%
r.u. John McEnroe
91%
1983 winner John McEnroe
91%
1984 winner John McEnroe
91%
1992 winner Andre Agassi
90%
r.u. Andre Agassi
90%
1980 winner Björn Borg
90%
r.u. Björn Borg
90%
1985 winner Boris Becker
89%
1986 winner Boris Becker
89%
r.u. Boris Becker
89%
1989 winner Boris Becker
89%
r.u. Boris Becker
89%
r.u. Boris Becker
89%
r.u. Boris Becker
89%
r.u. Andy Roddick
77%
r.u. Andy Roddick
77%
r.u. Andy Roddick
77%
r.u. Ivan Lendl
77%
r.u. Ivan Lendl
77%
1982 winner Jimmy Connors
77%
r.u. Jimmy Connors
77%
2002 winner Lleyton Hewitt
77%
1988 winner Stefan Edberg
76%
r.u. Stefan Edberg
76%
1990 winner Stefan Edberg
76%
r.u. Goran Ivanišević
69%
r.u. Goran Ivanišević
69%
r.u. Goran Ivanišević
69%
2001 winner Goran Ivanišević
69%
r.u. Patrick Rafter
62%
r.u. Patrick Rafter
62%
1987 winner Pat Cash
59%
r.u. Jim Courier
56%
1991 winner Michael Stich
53%
r.u. Tomáš Berdych
45%
1996 winner Richard Krajicek
44%
r.u. David Nalbandian
33%
r.u. MaliVai Washington
31%
r.u. Mark Philippoussis
30%
r.u. Kevin Curren
23%
r.u. Cédric Pioline
18%
r.u. Chris Lewis
17%
No matching quizzes found
Score Distribution
Percent of People with Each Score
Percentile by Number Answered
Your Score History
You have not taken this quiz since the last reset